MARC details
| 000 -CABECERA |
| campo de control de longitud fija |
02708nam a2200337 a 4500 |
| 001 - NÚMERO DE CONTROL |
| campo de control |
000023775 |
| 003 - IDENTIFICADOR DEL NÚMERO DE CONTROL |
| campo de control |
DO-SdBNP |
| 005 - FECHA Y HORA DE LA ÚLTIMA TRANSACCIÓN |
| campo de control |
20260120073950.0 |
| 008 - DATOS DE LONGITUD FIJA--INFORMACIÓN GENERAL |
| campo de control de longitud fija |
110113s1997 dr r 001 0 spa d |
| 040 ## - FUENTE DE LA CATALOGACIÓN |
| Centro catalogador/agencia de origen |
DO-SdBNP |
| Lengua de catalogación |
spa |
| Centro/agencia transcriptor |
BNPHU |
| Normas de descripción |
rda |
| 041 ## - CÓDIGO DE LENGUA |
| Código de lengua original |
spa |
| 082 #4 - NÚMERO DE LA CLASIFICACIÓN DECIMAL DEWEY |
| Número de clasificación |
231.3 |
| Número de documento/Ítem |
J91a |
| Número de edición |
22 |
| 100 1# - ENTRADA PRINCIPAL--NOMBRE DE PERSONA |
| Nombre de persona |
Juanes, Benigno |
| Fechas asociadas al nombre |
1916-2009 |
| 9 (RLIN) |
442 |
| 245 13 - MENCIÓN DE TÍTULO |
| Título |
La acción del Espíritu Santo en el corazón del creyente / |
| Mención de responsabilidad, etc. |
Benigno Juanes, S.J. |
| 264 #1 - PRODUCCIÓN, PUBLICACIÓN, DISTRIBUCIÓN, FABRICACIÓN Y COPYRIGHT |
| Producción, publicación, distribución, fabricación y copyright |
Santo Domingo : |
| Nombre del de productor, editor, distribuidor, fabricante |
Renovación Carismática Católica, |
| Fecha de producción, publicación, distribución, fabricación o copyright |
1997. |
| 300 ## - DESCRIPCIÓN FÍSICA |
| Extensión |
240 páginas ; |
| Dimensiones |
23 cm. |
| 336 ## - TIPO DE CONTENIDO |
| Término de tipo de contenido |
texto |
| Código de tipo de contenido |
txt |
| Fuente |
rdacantent |
| 337 ## - TIPO DE MEDIO |
| Nombre/término del tipo de medio |
sin mediación |
| Código del tipo de medio |
n |
| Fuente |
rdamedia |
| 338 ## - TIPO DE SOPORTE |
| Nombre/término del tipo de soporte |
volumen |
| Código del tipo de soporte |
nc |
| Fuente |
rdacarrier |
| 490 1# - MENCIÓN DE SERIE |
| Mención de serie |
Torrentes ; |
| Designación de volumen o secuencia |
7 |
| 504 ## - NOTA DE BIBLIOGRAFÍA, ETC. |
| Nota de bibliografía, etc. |
Incluye referencias bibliográficas página 55, y notas al final de las páginas |
| 505 0# - NOTA DE CONTENIDO CON FORMATO |
| Título |
Prólogo -- |
| -- |
La habitación (inhabitación) de la Trinidad en el alma de justo -- |
| -- |
Jesús y el Espíritu Santo -- |
| -- |
Jesús, dador del espíritu -- |
| -- |
El Espíritu Santo don por excelencia del Padre y del Hijo -- |
| -- |
El Espíritu nos incorpora a Cristo resucitado -- |
| -- |
El Espíritu Santo nos da la filiación divina en Cristo y establece una relación nueva por el conocimiento y el amor -- |
| -- |
El Espíritu Santo nos da la filiación divina en Cristo y establece una relación nueva por el conocimiento y el amor -- |
| -- |
El Espíritu Santo domina toda al existencia cristiana y preside su desarrollo -- |
| -- |
El Espíritu Santo desarrolla la vida divina por el ejercicio de las virtudes teologales: fe, esperanza y caridad -- |
| -- |
El Espíritu Santo nos da la experiencia de Dios -- |
| -- |
El Espíritu Santo nos da la experiencia de Dios -- |
| -- |
El Espíritu Santo, principio de nuestra vida moral como realidad de la santidad cristiana en Cristo Jesús -- |
| -- |
El Espíritu Santo principio de nuestra vida moral en la obediencia filial a la voluntad del Padre a ejemplo de Jesucristo y en la realización del amor -- |
| -- |
El Espíritu Santo nos da la oración de Jesús -- |
| -- |
El Espíritu y la lucha contra la carne. Él da la verdadera libertad -- |
| -- |
El Espíritu Santo fuente de los dones espirituales y carismas en la iglesia -- |
| -- |
Los frutos del Espíritu -- |
| -- |
El fruto más precioso de la acción del Espíritu Santo en el alma: descubre e introduce en el ministerio de la cruz -- |
| -- |
La acción del Espíritu Santo en el alma suscita y urge el deseo de la "opción preferencial por los pobres" -- |
| -- |
El Espíritu Santo y la evangelización. |
| 590 ## - NOTA LOCAL (RLIN) |
| Nota local |
Inventariado, 2018/BT |
| 650 #4 - PUNTO DE ACCESO ADICIONAL DE MATERIA--TÉRMINO DE MATERIA |
| Término de materia o nombre geográfico como elemento de entrada |
Espiritu santo |
| 9 (RLIN) |
7135 |
| 650 #4 - PUNTO DE ACCESO ADICIONAL DE MATERIA--TÉRMINO DE MATERIA |
| Término de materia o nombre geográfico como elemento de entrada |
Jesucristo |
| Subdivisión general |
Enseñanzas |
| 9 (RLIN) |
22829 |
| 650 #0 - PUNTO DE ACCESO ADICIONAL DE MATERIA--TÉRMINO DE MATERIA |
| Término de materia o nombre geográfico como elemento de entrada |
Vida cristiana |
| 9 (RLIN) |
668 |
| 650 #0 - PUNTO DE ACCESO ADICIONAL DE MATERIA--TÉRMINO DE MATERIA |
| Término de materia o nombre geográfico como elemento de entrada |
Vida espiritual |
| 9 (RLIN) |
268 |
| 830 #0 - PUNTO DE ACCESO ADICIONAL DE SERIE-TÍTULO UNIFORME |
| Título uniforme |
Torrentes ; |
| Número de parte o sección de la obra |
7 |
| 9 (RLIN) |
48939 |
| 910 ## - DATOS DE OPCIÓN DEL USUARIO (OCLC) |
| Datos de opción del usuario |
Validado. Control de calidad. EMS |
| 942 ## - ELEMENTOS DE PUNTO DE ACCESO ADICIONAL (KOHA) |
| Fuente del sistema de clasificación o colocación |
Dewey Decimal Classification |
| Tipo de ítem Koha |
Libro |